00000000nam 2200000zi 4500
0019.916681
003CaOODSP
00520250718095811
006m     o  d f      
007cr mn|||||||||
008221027e20221110onc     o    f000 0 fre d
020 |a9780660460222
040 |aCaOODSP|bfre|erda|cCaOODSP
043 |an-cn---
0861 |aCS462-60002/2022-2F-PDF
24500|aRegistre national des adresses : |bguide de l'utilisateur.
250 |a[Édition du 10 novembre 2022].
264 1|a[Ottawa] : |bStatistique Canada = Statistics Canada, |c10 novembre 2022.
264 4|c©2022
300 |a1 ressource en ligne (7 pages non numérotées)
336 |atexte |btxt|2rdacontent/fre
337 |ainformatique|bc|2rdamedia/fre
338 |aressource en ligne|bcr|2rdacarrier/fre
500 |aPublié aussi en anglais sous le titre : National address register: user guide.
500 |a« N° 46260002. »
520 |a« Le Registre national des adresses (RNA) établit une structure d'adresses normalisée et fournit une liste d'adresses municipales géoréférencées valides au Canada. Les adresses sont extraites du Registre statistique des immeubles de Statistique Canada et ont été validées par deux sources de données indépendantes. Les adresses ne divulguent l'identité d'aucun des résidents ni des entreprises à l'adresse et, en tant que telles, sont considérées comme non confidentielles. ... » -- Sommaire, page [3].
650 6|aAdresses postales|zCanada|xStatistiques.
7102 |aStatistique Canada, |eorganisme de publication.
77508|tNational address register : |w(CaOODSP)9.916679
794 |tRegistre national des adresses : |b[Édition du 28 juin 2024]|w(CaOODSP)9.938754
85640|qPDF|s954 Ko|uhttps://publications.gc.ca/collections/collection_2022/statcan/462600022022002-fra.pdf
8564 |qHTML|sS.O.|uhttps://www150.statcan.gc.ca/n1/pub/46-26-0002/462600022022002-fra.htm
986 |a46-26-0002